Sports Quiz

Random Sports or Baseball Quiz
Score 0/32 Timer 06:00
3 Plays Today
% Correct
Derek Jeter
97.2%
Ichiro Suzuki
95.3%
Pete Rose
94.5%
Cal Ripken Jr.
93.3%
Hank Aaron
91%
Alex Rodriguez
90.3%
George Brett
90.3%
Albert Pujols
84.9%
Tony Gwynn
84.3%
Ty Cobb
84.2%
Roberto Clemente
83.2%
Craig Biggio
82.9%
Wade Boggs
82.1%
Adrián Beltré
76.7%
Robin Yount
76.5%
Eddie Murray
73.9%
% Correct
Stan Musial
73.8%
Rickey Henderson
73.7%
Rafael Palmeiro
73.5%
Willie Mays
70.4%
Carl Yastrzemski
69.4%
Paul Molitor
68.8%
Dave Winfield
65.3%
Rod Carew
62.6%
Lou Brock
60.7%
Honus Wagner
58%
Al Kaline
56.7%
Cap Anson
37.2%
Nap Lajoie
36%
Paul Waner
29.6%
Tris Speaker
28.1%
Eddie Collins
22.7%
Remove Ads.
Support Sporcle.
Get the best of Sporcle when you Go Orange. This ad-free experience offers more features, more stats, and more fun while also helping to support Sporcle. Thank you for becoming a member.

You're not logged in!

Compare scores with friends on all Sporcle quizzes.
OR
Log In

Show Comments

Extras

Top Quizzes Today


Score Distribution

Your Account Isn't Verified!

In order to create a playlist on Sporcle, you need to verify the email address you used during registration. Go to your Sporcle Settings to finish the process.

Report this User

Report this user for behavior that violates our Community Guidelines.

Details: